[Event "2. Bundesliga West 2018/19"]
[Site "Kufstein; NMS II, Sporthalle Fischergries"]
[Date "2019.02.08"]
[Round "6"]
[Board "2"]
[White "Sergeev, Vladimir"]
[Black "Lehner, Oliver"]
[Result "0-1"]
[WhiteElo "2412"]
[BlackElo "2399"]
[PlyCount "62"]
[EventDate "2018.10.12"]
[EventType "team"]
[EventRounds "11"]
[EventCountry "AUT"]
[WhiteTeam "Bregenz"]
[BlackTeam "Absam"]

1. Nf3 Nf6 2. d4 e6 3. Bg5 d5 4. e3 c5 5. c3 Bd6 6. Nbd2 Nbd7 7. Bd3 Qc7 8. Qe2
b6 9. dxc5 Nxc5 10. Bb1 Nfd7 11. e4 O-O 12. exd5 exd5 13. O-O a6 14. Bd3 f6 15.
Bh4 Ne5 16. Nxe5 fxe5 17. Bg3 b5 18. Bc2 Bf5 19. Bxf5 Rxf5 20. b4 Na4 21. Qd3
Qf7 22. Rac1 Bc7 23. f3 Re8 24. Rfe1 h5 25. Qe2 Qf6 26. Qd3 Qd8 27. Qe2 h4 28.
Bf2 e4 29. Bd4 Qd6 30. Kf1 Ref8 31. Qe3 exf3 {Rest unleserlich}  0-1

[Event "2. Bundesliga West 2018/19"]
[Site "Kufstein; NMS II, Sporthalle Fischergries"]
[Date "2019.02.08"]
[Round "6"]
[Board "3"]
[White "Weinzettl, Ernst"]
[Black "Dobosz, Henryk"]
[Result "1/2-1/2"]
[WhiteElo "2220"]
[BlackElo "2399"]
[PlyCount "78"]
[EventDate "2018.10.12"]
[EventType "team"]
[EventRounds "11"]
[EventCountry "AUT"]
[WhiteTeam "Absam"]
[BlackTeam "Bregenz"]

1. e4 c5 2. Nc3 e6 3. Nf3 Nc6 4. d4 cxd4 5. Nxd4 Qc7 6. g3 a6 7. Bg2 Nf6 8. O-O
Bc5 9. Nxc6 dxc6 10. Na4 Ba7 11. c4 e5 12. c5 Be6 13. Qc2 Rd8 14. b3 Qe7 15.
Bb2 Nd7 16. Rac1 O-O 17. Rfe1 Qg5 18. Qc3 Qe7 19. Qc2 h5 20. Qc3 Bb8 21. Qf3
Qg5 22. Qe3 Qg6 23. Red1 Nf6 24. Qe2 h4 25. Rxd8 Rxd8 26. Rd1 Re8 27. Nb6 hxg3
28. hxg3 Bg4 29. Bf3 Bxf3 30. Qxf3 Nxe4 31. Nd7 Bc7 32. Re1 f5 33. b4 Qe6 34.
Nb6 Rd8 35. Rd1 Rxd1+ 36. Qxd1 Qxa2 37. Qd7 Qb1+ 38. Kg2 Qxb2 39. Qe8+ Kh7
 1/2-1/2

[Event "2. Bundesliga West 2018/19"]
[Site "Kufstein; NMS II, Sporthalle Fischergries"]
[Date "2019.02.08"]
[Round "6"]
[Board "4"]
[White "Hess, Max"]
[Black "Deglmann, Ludwig"]
[Result "1/2-1/2"]
[WhiteElo "2326"]
[BlackElo "2270"]
[PlyCount "111"]
[EventDate "2018.10.12"]
[EventType "team"]
[EventRounds "11"]
[EventCountry "AUT"]
[WhiteTeam "Bregenz"]
[BlackTeam "Absam"]

1. e4 e6 2. Qe2 c5 3. Nf3 Nc6 4. g3 g6 5. Bg2 Bg7 6. O-O Nge7 7. c3 O-O 8. Na3
d6 9. Rd1 e5 10. Nc2 Qb6 11. d3 f5 12. b4 cxb4 13. cxb4 f4 14. d4 Bg4 15. b5
Na5 16. h3 Bxf3 17. Qxf3 fxg3 18. Qxg3 exd4 19. Qd3 d5 20. exd5 Rad8 21. Bg5
Rd7 22. Nb4 Nf5 23. Re1 Qc5 24. Bd2 Nd6 25. Rac1 Qxb5 26. Qxb5 Nxb5 27. Nc6 b6
28. Nxa5 bxa5 29. Rc5 Nc3 30. Rxa5 Bf6 31. Re6 Bd8 32. Rc5 Bb6 33. Rxc3 dxc3
34. Bxc3 Rxf2 35. Kh1 Rxa2 36. d6 Rxg2 37. Kxg2 Bc5 38. Be5 Kf7 39. Rf6+ Ke8
40. Re6+ Kf8 41. Rf6+ Ke8 42. Re6+ Kd8 43. Kf3 Rf7+ 44. Ke4 Kd7 45. Kd5 Bb6 46.
h4 Bd8 47. h5 gxh5 48. Rh6 h4 49. Rh5 a5 50. Bc3 a4 51. Bb2 h6 52. Rxh6 Rf5+
53. Be5 Rf7 54. Bb2 Rf5+ 55. Be5 Rf7 56. Bb2  1/2-1/2

[Event "2. Bundesliga West 2018/19"]
[Site "Kufstein; NMS II, Sporthalle Fischergries"]
[Date "2019.02.08"]
[Round "6"]
[Board "5"]
[White "De Francesco, Klaus"]
[Black "Repkova, Eva"]
[Result "1/2-1/2"]
[WhiteElo "2288"]
[BlackElo "2288"]
[PlyCount "59"]
[EventDate "2018.10.12"]
[EventType "team"]
[EventRounds "11"]
[EventCountry "AUT"]
[WhiteTeam "Absam"]
[BlackTeam "Bregenz"]

1. d4 e6 2. e4 d5 3. Nc3 dxe4 4. Nxe4 Nd7 5. Nf3 Ngf6 6. Nxf6+ Nxf6 7. Bg5 Be7
8. Bd3 O-O 9. Qe2 c5 10. dxc5 Qa5+ 11. c3 Qxc5 12. O-O Bd7 13. Bxf6 Bxf6 14.
Bxh7+ Kxh7 15. Qd3+ Kg8 16. Qxd7 Rfd8 17. Qa4 b5 18. Qe4 a5 19. Rad1 b4 20.
Rxd8+ Rxd8 21. cxb4 Qxb4 22. Qxb4 axb4 23. a3 b3 24. Rb1 Bxb2 25. g4 Bxa3 26.
Rxb3 Be7 27. Kg2 g6 28. Rb2 Bf6 29. Rd2 Rxd2 30. Nxd2  1/2-1/2

[Event "2. Bundesliga West 2018/19"]
[Site "Kufstein; NMS II, Sporthalle Fischergries"]
[Date "2019.02.08"]
[Round "6"]
[Board "1"]
[White "Fedorovsky, Michael"]
[Black "Henrichs, Thomas"]
[Result "1/2-1/2"]
[WhiteElo "2481"]
[BlackElo "2469"]
[PlyCount "61"]
[EventDate "2018.10.12"]
[EventType "team"]
[EventRounds "11"]
[EventCountry "AUT"]
[WhiteTeam "Jenbach 2"]
[BlackTeam "Hohenems II"]

1. d4 f5 2. g3 Nf6 3. Bg2 e6 4. Nf3 d5 5. O-O Bd6 6. c4 c6 7. Qc2 O-O 8. Nc3
Ne4 9. Rb1 Qe8 10. b4 b5 11. c5 Bc7 12. Ne5 Bxe5 13. dxe5 a5 14. a3 Qg6 15. Bd2
Nd7 16. Nxe4 fxe4 17. Bc3 Rf5 18. Qb2 Qh6 19. Bd4 a4 20. Rbd1 Nf8 21. f3 exf3
22. Bxf3 Bd7 23. e4 Rf7 24. Qe2 Qg5 25. Qd2 Qxd2 26. Rxd2 Ng6 27. Rdf2 Raf8 28.
Bg2 Rxf2 29. Rxf2 Rxf2 30. Kxf2 Ne7 31. Ke3  1/2-1/2

[Event "2. Bundesliga West 2018/19"]
[Site "Kufstein; NMS II, Sporthalle Fischergries"]
[Date "2019.02.08"]
[Round "6"]
[Board "2"]
[White "Baldauf, Marco"]
[Black "Reich, Thomas"]
[Result "1-0"]
[WhiteElo "2472"]
[BlackElo "2360"]
[PlyCount "51"]
[EventDate "2018.10.12"]
[EventType "team"]
[EventRounds "11"]
[EventCountry "AUT"]
[WhiteTeam "Hohenems II"]
[BlackTeam "Jenbach 2"]

1. d4 Nf6 2. c4 g6 3. Nc3 Bg7 4. e4 O-O 5. Be3 d6 6. f3 c5 7. Nge2 cxd4 8. Nxd4
Nc6 9. Be2 Bd7 10. Qd2 Nxd4 11. Bxd4 a5 12. h4 h5 13. g4 e5 14. Be3 hxg4 15.
Bg5 g3 16. h5 g2 17. Rg1 Bh3 18. Nd5 Rc8 19. O-O-O b5 20. h6 Bh8 21. h7+ Kxh7
22. Qe1 Nxd5 23. Bxd8 Nf4 24. Bg5 Nxe2+ 25. Qxe2 Rxc4+ 26. Kb1  1-0

[Event "2. Bundesliga West 2018/19"]
[Site "Kufstein; NMS II, Sporthalle Fischergries"]
[Date "2019.02.08"]
[Round "6"]
[Board "3"]
[White "Micheli, Carlo"]
[Black "Froewis, Georg"]
[Result "0-1"]
[WhiteElo "2211"]
[BlackElo "2419"]
[PlyCount "72"]
[EventDate "2018.10.12"]
[EventType "team"]
[EventRounds "11"]
[EventCountry "AUT"]
[WhiteTeam "Jenbach 2"]
[BlackTeam "Hohenems II"]

1. c4 e6 2. Nf3 Nf6 3. b3 d5 4. e3 Be7 5. Bb2 O-O 6. Be2 b6 7. O-O Bb7 8. Nc3
Nbd7 9. d4 c5 10. Rc1 Rc8 11. Rc2 cxd4 12. exd4 dxc4 13. Bxc4 Qc7 14. Ne5 Rfd8
15. Qe2 Nxe5 16. dxe5 Nd5 17. Nb5 Qb8 18. Qg4 Nb4 19. Re2 Bd5 20. Nd6 Rc7 21.
Ba3 Bxc4 22. bxc4 Nc6 23. f4 Nd4 24. Rd2 Nf5 25. Qe2 Rcd7 26. Rfd1 Nxd6 27.
exd6 Bxd6 28. Kh1 Qc7 29. Bxd6 Rxd6 30. h3 Rxd2 31. Rxd2 g6 32. Qe5 Qc8 33. Rc2
Qd7 34. Kh2 Qd6 35. Qf6 Qd4 36. Qg5 Rc8  0-1

[Event "2. Bundesliga West 2018/19"]
[Site "Kufstein; NMS II, Sporthalle Fischergries"]
[Date "2019.02.08"]
[Round "6"]
[Board "4"]
[White "Berchtenbreiter, Maximilian"]
[Black "Fuchs, Georg"]
[Result "1/2-1/2"]
[WhiteElo "2426"]
[BlackElo "2210"]
[PlyCount "97"]
[EventDate "2018.10.12"]
[EventType "team"]
[EventRounds "11"]
[EventCountry "AUT"]
[WhiteTeam "Hohenems II"]
[BlackTeam "Jenbach 2"]

1. e4 e5 2. f4 Bc5 3. Nf3 d6 4. d3 Nf6 5. d4 Bb6 6. fxe5 dxe5 7. Nxe5 O-O 8.
Bc4 Qe7 9. Be3 Nc6 10. Nxc6 Qxe4 11. Qf3 Qxc6 12. Qxc6 bxc6 13. O-O Be6 14. Nd2
Rfe8 15. a4 a5 16. Rae1 Rad8 17. Bg5 c5 18. Bxf6 gxf6 19. d5 Bd7 20. Ne4 Kg7
21. Re3 Bxa4 22. Rg3+ Kh8 23. Nxf6 Re5 24. Rh3 Bxc2 25. Nxh7 Rf5 26. Nf6+ Kg7
27. Nh5+ Kg8 28. Rc1 Bb3 29. g4 Rxh5 30. Rxh5 Bxc4 31. Rd1 c6 32. Rh6 Bb3 33.
Re1 c4+ 34. Kg2 Rxd5 35. h4 Rd2+ 36. Kh3 Bc7 37. g5 Bd1 38. Rxd1 Rxd1 39. Rxc6
Bd8 40. Rxc4 Kg7 41. Kg4 Rb1 42. Rd4 Bb6 43. Rd2 a4 44. Re2 Rg1+ 45. Kf5 Rf1+
46. Kg4 Rf2 47. Re4 Rg2+ 48. Kh5 Rxb2 49. Rxa4  1/2-1/2

[Event "2. Bundesliga West 2018/19"]
[Site "Kufstein; NMS II, Sporthalle Fischergries"]
[Date "2019.02.08"]
[Round "6"]
[Board "5"]
[White "Heinrich, Thomas"]
[Black "Hofer, Emilian"]
[Result "0-1"]
[WhiteElo "2144"]
[BlackElo "2208"]
[PlyCount "120"]
[EventDate "2018.10.12"]
[EventType "team"]
[EventRounds "11"]
[EventCountry "AUT"]
[WhiteTeam "Jenbach 2"]
[BlackTeam "Hohenems II"]

1. d4 d5 2. g3 Nf6 3. Bg2 c6 4. Nf3 Bg4 5. O-O Nbd7 6. b3 e6 7. Bb2 Be7 8. c4
O-O 9. Nc3 Qb6 10. c5 Qc7 11. b4 Rfe8 12. Qb3 Bf8 13. Bc1 Bxf3 14. Bxf3 e5 15.
e3 g6 16. a4 Bg7 17. b5 Nf8 18. a5 a6 19. bxc6 bxc6 20. Qb6 Qc8 21. Qb4 Rb8 22.
Qa4 N6d7 23. Ba3 Ne6 24. Rfd1 exd4 25. exd4 Nexc5 26. Bxc5 Nxc5 27. dxc5 Bxc3
28. Ra3 Bf6 29. Rb3 Rb5 30. Rxb5 axb5 31. Qf4 Be5 32. Qd2 Qc7 33. Re1 Rb8 34.
a6 Bf6 35. Qa2 Qa7 36. Bg4 Bd4 37. h4 Ra8 38. h5 Bg7 39. Kg2 Bf8 40. hxg6 hxg6
41. Qc2 Bg7 42. Qa2 Bd4 43. f4 Kg7 44. f5 Qxa6 45. Qxa6 Rxa6 46. fxg6 Kxg6 47.
Bd7 b4 48. Rb1 Bc3 49. Kf3 Kf6 50. Ke3 Ke7 51. Bf5 Ra5 52. Kd3 Rxc5 53. Kc2 Ra5
54. g4 f6 55. Rh1 d4 56. Rh7+ Kd6 57. Rd7+ Ke5 58. Re7+ Kf4 59. Rd7 c5 60. Be6
Ra2+  0-1

[Event "2. Bundesliga West 2018/19"]
[Site "Kufstein; NMS II, Sporthalle Fischergries"]
[Date "2019.02.08"]
[Round "6"]
[Board "6"]
[White "Engelhart, Achim"]
[Black "Gruber, Michael"]
[Result "1/2-1/2"]
[WhiteElo "2126"]
[BlackElo "2124"]
[PlyCount "55"]
[EventDate "2018.10.12"]
[EventType "team"]
[EventRounds "11"]
[EventCountry "AUT"]
[WhiteTeam "Hohenems II"]
[BlackTeam "Jenbach 2"]

1. e4 e5 2. Nf3 Nc6 3. Bb5 a6 4. Ba4 Nf6 5. O-O Be7 6. Bxc6 dxc6 7. d3 Qd6 8.
Nbd2 Be6 9. b3 Nd7 10. Bb2 c5 11. a4 f6 12. Nc4 Bxc4 13. dxc4 Qxd1 14. Rfxd1
Nf8 15. Kf1 Ne6 16. c3 Kf7 17. Ne1 Rhd8 18. g3 Rxd1 19. Rxd1 Rd8 20. Rd5 c6 21.
Rxd8 Bxd8 22. Ke2 g6 23. Nd3 Bc7 24. Bc1 f5 25. f3 Kf6 26. Be3 Bd6 27. Bd2 Bc7
28. Be3  1/2-1/2

[Event "2. Bundesliga West 2018/19"]
[Site "Kufstein; NMS II, Sporthalle Fischergries"]
[Date "2019.02.08"]
[Round "6"]
[Board "1"]
[White "Riediger, Martin"]
[Black "Teske, Henrik"]
[Result "1/2-1/2"]
[WhiteElo "2276"]
[BlackElo "2483"]
[PlyCount "26"]
[EventDate "2018.10.12"]
[EventType "team"]
[EventRounds "11"]
[EventCountry "AUT"]
[WhiteTeam "Ranshofen"]
[BlackTeam "Wolfurt"]

1. e4 c6 2. Nf3 g6 3. d4 Bg7 4. c3 d6 5. Nbd2 Nf6 6. Bd3 O-O 7. O-O Nbd7 8. Bc2
Qc7 9. Re1 e5 10. dxe5 Nxe5 11. Nxe5 dxe5 12. Bb3 Nd7 13. Nc4 Nc5  1/2-1/2

[Event "2. Bundesliga West 2018/19"]
[Site "Kufstein; NMS II, Sporthalle Fischergries"]
[Date "2019.02.08"]
[Round "6"]
[Board "2"]
[White "Hoefelsauer, Thomas"]
[Black "Ager, Josef"]
[Result "1-0"]
[WhiteElo "2339"]
[BlackElo "2174"]
[PlyCount "120"]
[EventDate "2018.10.12"]
[EventType "team"]
[EventRounds "11"]
[EventCountry "AUT"]
[WhiteTeam "Wolfurt"]
[BlackTeam "Ranshofen"]

1. c4 g6 2. g3 Bg7 3. Bg2 d6 4. d4 Nf6 5. Nf3 O-O 6. Nc3 Nc6 7. O-O a6 8. Bg5
Rb8 9. d5 Na5 10. b3 Bf5 11. Rc1 c5 12. dxc6 bxc6 13. Qd2 c5 14. Bxf6 Bxf6 15.
Nd5 Bg7 16. Nxe7+ Qxe7 17. Qxa5 Qxe2 18. Rcd1 Rfd8 19. Rd2 Qe7 20. Nh4 Bg4 21.
h3 Bc8 22. Re2 Qf8 23. Rfe1 Bf6 24. Nf3 Bb7 25. Nd2 Bxg2 26. Kxg2 Ra8 27. Ne4
Bd4 28. h4 d5 29. cxd5 Rxd5 30. Qb6 Qd8 31. Qc6 Kg7 32. Ng5 Rd6 33. Qf3 Ra7 34.
Re8 Qf6 35. Qe2 Rd8 36. Rxd8 Qxd8 37. Qf3 h6 38. Ne4 Re7 39. Re2 Re6 40. Nd2
Rf6 41. Qd3 a5 42. f3 Qd7 43. Ne4 Re6 44. Rc2 Qe7 45. Re2 Qd7 46. Nxc5 Rxe2+
47. Qxe2 Bxc5 48. Qe5+ Kg8 49. Qxc5 Qd2+ 50. Qf2 Qc3 51. Qe2 h5 52. f4 Qc6+ 53.
Kh2 Qd5 54. Qb2 f6 55. Qxf6 Qd2+ 56. Kh3 Qe2 57. Qxg6+ Kh8 58. Qf6+ Kg8 59.
Qd8+ Kh7 60. Qc7+ Kh8  1-0

[Event "2. Bundesliga West 2018/19"]
[Site "Kufstein; NMS II, Sporthalle Fischergries"]
[Date "2019.02.08"]
[Round "6"]
[Board "3"]
[White "Brehovsky, Paul"]
[Black "Janko, Ladislav"]
[Result "1/2-1/2"]
[WhiteElo "2126"]
[BlackElo "2179"]
[PlyCount "107"]
[EventDate "2018.10.12"]
[EventType "team"]
[EventRounds "11"]
[EventCountry "AUT"]
[WhiteTeam "Ranshofen"]
[BlackTeam "Wolfurt"]

1. d4 g6 2. c4 Bg7 3. Nf3 c5 4. d5 Nf6 5. Nc3 d6 6. e4 O-O 7. h3 Na6 8. Bd3 Nc7
9. O-O a6 10. a4 Rb8 11. Bf4 Bd7 12. e5 Nfe8 13. Re1 b5 14. axb5 axb5 15. cxb5
Nxb5 16. Ne4 Qb6 17. Ned2 Qd8 18. Nc4 dxe5 19. Nfxe5 Ned6 20. Qd2 Nd4 21. Ra7
Rb7 22. Rxb7 Nxb7 23. Bh6 Bb5 24. Bxg7 Kxg7 25. Ng4 Bxc4 26. Bxc4 Nd6 27. Ba2
Qd7 28. b4 Qa7 29. bxc5 N6f5 30. c6 Qa3 31. Ne3 Rb8 32. Nxf5+ Nxf5 33. c7 Rc8
34. Rc1 Nd6 35. Rc6 Qa7 36. Qc3+ Kg8 37. Bb3 Ne8 38. Qe3 Qxe3 39. fxe3 Rxc7 40.
Rxc7 Nxc7 41. Kf2 Kg7 42. Kf3 f5 43. e4 Kf6 44. Kf4 g5+ 45. Ke3 h6 46. h4 Ke5
47. hxg5 hxg5 48. exf5 Kxf5 49. Kd4 Ne8 50. Ba4 Nf6 51. Bd1 g4 52. g3 Nh5 53.
Ba4 Kg5 54. d6  1/2-1/2

[Event "2. Bundesliga West 2018/19"]
[Site "Kufstein; NMS II, Sporthalle Fischergries"]
[Date "2019.02.08"]
[Round "6"]
[Board "4"]
[White "Wagner, Leopold Franziskus"]
[Black "Kuecher, Wolfgang"]
[Result "1/2-1/2"]
[WhiteElo "1941"]
[BlackElo "2124"]
[PlyCount "83"]
[EventDate "2018.10.12"]
[EventType "team"]
[EventRounds "11"]
[EventCountry "AUT"]
[WhiteTeam "Wolfurt"]
[BlackTeam "Ranshofen"]

1. e4 g6 2. d4 Bg7 3. Nf3 d6 4. Bd3 Nf6 5. O-O O-O 6. Bg5 h6 7. Bxf6 Bxf6 8. e5
Bg7 9. Be4 Nc6 10. Bxc6 bxc6 11. Nbd2 c5 12. c3 Rb8 13. b3 Bf5 14. Nc4 cxd4 15.
cxd4 Qd7 16. Re1 g5 17. Qe2 Rfc8 18. Rad1 d5 19. Ne3 Be4 20. Nd2 Bg6 21. Qf3 e6
22. b4 Rxb4 23. Nb3 Qb5 24. Ng4 Bc2 25. Rd2 Bxb3 26. axb3 Rxb3 27. Nf6+ Kf8 28.
Qh5 Rb1 29. Rdd1 Rxd1 30. Rxd1 c5 31. h4 gxh4 32. f4 Qb3 33. Nd7+ Ke7 34. Nxc5
Qe3+ 35. Kh1 Qxf4 36. Nb7 Rc1 37. Nd6 Rxd1+ 38. Qxd1 f6 39. Qc2 Qf1+ 40. Kh2
Qf4+ 41. Kh1 Qf1+ 42. Kh2  1/2-1/2

[Event "2. Bundesliga West 2018/19"]
[Site "Kufstein; NMS II, Sporthalle Fischergries"]
[Date "2019.02.08"]
[Round "6"]
[Board "5"]
[White "Stadler, Alexander"]
[Black "Kalcher, Mathias"]
[Result "0-1"]
[WhiteElo "2114"]
[BlackElo "2070"]
[PlyCount "70"]
[EventDate "2018.10.12"]
[EventType "team"]
[EventRounds "11"]
[EventCountry "AUT"]
[WhiteTeam "Ranshofen"]
[BlackTeam "Wolfurt"]

1. d4 Nf6 2. Nf3 g6 3. Bg5 Bg7 4. Nbd2 O-O 5. c3 d6 6. e4 c5 7. dxc5 dxc5 8.
Be2 Nc6 9. Qc2 Qc7 10. O-O Rd8 11. a4 h6 12. Bh4 Nh5 13. Bc4 g5 14. e5 Nxe5 15.
Nxe5 Qxe5 16. Qg6 Qf4 17. Qxh5 Rxd2 18. Rad1 Rxd1 19. Rxd1 Qxc4 20. Rd8+ Kh7
21. Qd1 Bf6 22. Bg3 Kg7 23. h4 Bg4 24. f3 Rxd8 25. Qxd8 gxh4 26. Bf2 Be6 27.
Qc7 Qe2 28. Qxc5 Qxb2 29. f4 Qc1+ 30. Kh2 Qxf4+ 31. Kg1 Qc1+ 32. Kh2 Qxc3 33.
Qxa7 Be5+ 34. Kh1 Bd5 35. Bxh4 Qh3+  0-1

[Event "2. Bundesliga West 2018/19"]
[Site "Kufstein; NMS II, Sporthalle Fischergries"]
[Date "2019.02.08"]
[Round "6"]
[Board "6"]
[White "Berchtold, Guenter"]
[Black "Schwarzmeier, Klaus"]
[Result "1/2-1/2"]
[WhiteElo "1939"]
[BlackElo "2187"]
[PlyCount "119"]
[EventDate "2018.10.12"]
[EventType "team"]
[EventRounds "11"]
[EventCountry "AUT"]
[WhiteTeam "Wolfurt"]
[BlackTeam "Ranshofen"]

1. d4 d5 2. Nf3 Nf6 3. Bf4 c6 4. Nbd2 Bf5 5. e3 e6 6. Bd3 Bg6 7. Qe2 Be7 8. h3
a6 9. O-O O-O 10. e4 c5 11. dxc5 Nc6 12. a3 Bxc5 13. Rad1 Qb6 14. b4 Be7 15. c4
dxe4 16. Nxe4 Rfd8 17. c5 Qa7 18. Nxf6+ gxf6 19. Bxg6 hxg6 20. Bc7 Re8 21. Nd4
Rac8 22. Nxc6 bxc6 23. Bb6 Qb7 24. a4 Kg7 25. Rd2 f5 26. Rfd1 Bf6 27. Rd7 Qb8
28. R1d6 Be7 29. Rd1 Qe5 30. R1d2 Qb8 31. Qe5+ Bf6 32. Qd6 Bc3 33. Qxb8 Rxb8
34. Ra7 Ra8 35. Rd6 Rxa7 36. Bxa7 Rc8 37. Kf1 Bxb4 38. Ke2 Kf6 39. Bb6 Ke7 40.
Rd3 a5 41. Kf3 e5 42. Ke3 Rb8 43. Ke2 Rb7 44. Bd8+ Ke8 45. Bf6 Rd7 46. Rxd7
Kxd7 47. Bxe5 Bxc5 48. Kd3 Ke6 49. Bc7 Bb4 50. Kc4 Kf6 51. Kd4 Ke6 52. Kc4 Kd7
53. Be5 Be1 54. Kc5 Bxf2+ 55. Kc4 Bb6 56. Bf6 Kd6 57. Bc3 Ke6 58. Bb2 f4 59.
Bc3 Kd6 60. Bf6  1/2-1/2

[Event "2. Bundesliga West 2018/19"]
[Site "Kufstein; NMS II, Sporthalle Fischergries"]
[Date "2019.02.08"]
[Round "6"]
[Board "1"]
[White "Kindermann, Stefan"]
[Black "Breneis, Lukas"]
[Result "1-0"]
[WhiteElo "2500"]
[BlackElo "2192"]
[PlyCount "63"]
[EventDate "2018.10.12"]
[EventType "team"]
[EventRounds "11"]
[EventCountry "AUT"]
[WhiteTeam "Sparkasse Neumarkt"]
[BlackTeam "SPG Oberland"]

1. e4 c5 2. d3 Nc6 3. f4 b5 4. Nf3 Bb7 5. Be2 Nd4 6. O-O g6 7. Nxd4 cxd4 8. Nd2
Bg7 9. Nf3 Qb6 10. Kh1 Nh6 11. Bd2 f5 12. Ng5 O-O 13. Bf3 Nf7 14. Nxf7 Rxf7 15.
Qe1 Rc8 16. Rc1 fxe4 17. dxe4 Qe6 18. b3 Qa6 19. Qe2 Bc6 20. Qd3 Qb6 21. e5
Bxf3 22. Rxf3 Rc6 23. Qe4 d6 24. e6 Rf5 25. g4 Rf8 26. f5 d5 27. Qd3 gxf5 28.
gxf5 Kh8 29. Rg1 Bf6 30. Rh3 Rc3 31. Bxc3 dxc3 32. Rxh7+  1-0

[Event "2. Bundesliga West 2018/19"]
[Site "Kufstein; NMS II, Sporthalle Fischergries"]
[Date "2019.02.08"]
[Round "6"]
[Board "2"]
[White "Schnegg, Anna-Lena"]
[Black "Barseghyan, Harutyun"]
[Result "0-1"]
[WhiteElo "2184"]
[BlackElo "2466"]
[PlyCount "92"]
[EventDate "2018.10.12"]
[EventType "team"]
[EventRounds "11"]
[EventCountry "AUT"]
[WhiteTeam "SPG Oberland"]
[BlackTeam "Sparkasse Neumarkt"]

1. c4 b6 2. Nc3 e6 3. e4 Bb7 4. Nge2 c5 5. d4 cxd4 6. Nxd4 a6 7. Be2 Qc7 8. O-O
Nf6 9. f3 Be7 10. Be3 d6 11. Qd2 O-O 12. Rfc1 Rc8 13. a4 Qd8 14. Kh1 Nfd7 15.
Rd1 Ne5 16. b3 Nbd7 17. Ra2 Ng6 18. Bf1 Rab8 19. Qf2 Nc5 20. Rb2 Qe8 21. Ra1
Ne5 22. Qd2 Qd8 23. Be2 Ba8 24. Rd1 Qe8 25. Ra1 Qd8 26. Rd1 h5 27. Qe1 h4 28.
Qf2 Qe8 29. Rc1 Ned3 30. Bxd3 Nxd3 31. Qc2 Nxc1 32. Qxc1 h3 33. Qf1 hxg2+ 34.
Rxg2 Bf6 35. Qg1 Rc5 36. Nde2 Rh5 37. Bxb6 Rh7 38. a5 Be5 39. Qe3 f5 40. exf5
Qh5 41. Ne4 Rf8 42. Nf4 Qxf5 43. Ng6 Rxh2+ 44. Rxh2 Qxg6 45. Rh3 Rxf3 46. Rxf3
Bxe4  0-1

[Event "2. Bundesliga West 2018/19"]
[Site "Kufstein; NMS II, Sporthalle Fischergries"]
[Date "2019.02.08"]
[Round "6"]
[Board "3"]
[White "De Visser, Leon"]
[Black "Schnegg, Daniel"]
[Result "1/2-1/2"]
[WhiteElo "2243"]
[BlackElo "2117"]
[PlyCount "116"]
[EventDate "2018.10.12"]
[EventType "team"]
[EventRounds "11"]
[EventCountry "AUT"]
[WhiteTeam "Sparkasse Neumarkt"]
[BlackTeam "SPG Oberland"]

1. d4 d6 2. Nf3 Nf6 3. g3 g6 4. Bg2 Bg7 5. O-O O-O 6. b3 c6 7. Bb2 Qc7 8. Nbd2
Re8 9. e4 Nfd7 10. Re1 e5 11. dxe5 Nxe5 12. Nxe5 dxe5 13. Nc4 Rd8 14. Qe2 Be6
15. Rad1 Nd7 16. h4 Nb6 17. Ne3 Rxd1 18. Rxd1 Rd8 19. Bf3 Rxd1+ 20. Qxd1 Qd7
21. Qe1 f6 22. h5 Bf8 23. Qc3 Kf7 24. Be2 Qd6 25. hxg6+ hxg6 26. f4 Qc5 27.
fxe5 fxe5 28. Kg2 Nd7 29. Nc4 Bxc4 30. Bxc4+ Kg7 31. Be6 Qb5 32. Qd3 Qxd3 33.
cxd3 Nc5 34. Bxe5+ Kh7 35. Bc8 b5 36. d4 Nxe4 37. Bb7 Bg7 38. Bxc6 Nc3 39. a4
bxa4 40. bxa4 Ne2 41. Bxg7 Kxg7 42. d5 Nd4 43. Kf2 Kf6 44. Ke3 Ke5 45. Be8 g5
46. Bc6 Nf5+ 47. Kf3 Nd6 48. Kg4 Kf6 49. Bd7 Ne4 50. Be6 Nd6 51. Kf3 Ke5 52.
Ke3 Ne4 53. Kf3 Nc5 54. Kg4 Nxa4 55. Kxg5 Nc5 56. Bf7 Ne4+ 57. Kh4 a5 58. Be8
Nxg3  1/2-1/2

[Event "2. Bundesliga West 2018/19"]
[Site "Kufstein; NMS II, Sporthalle Fischergries"]
[Date "2019.02.08"]
[Round "6"]
[Board "4"]
[White "Moritz, Christian"]
[Black "Harringer, Franz"]
[Result "0-1"]
[WhiteElo "2100"]
[BlackElo "2201"]
[PlyCount "42"]
[EventDate "2018.10.12"]
[EventType "team"]
[EventRounds "11"]
[EventCountry "AUT"]
[WhiteTeam "SPG Oberland"]
[BlackTeam "Sparkasse Neumarkt"]

1. d4 g6 2. e4 Bg7 3. f4 d6 4. Nf3 Nf6 5. Nc3 O-O 6. Bd3 Nc6 7. e5 dxe5 8. fxe5
Nh5 9. Ne2 Bg4 10. Be3 f6 11. exf6 Nxf6 12. Qd2 Kh8 13. O-O-O Nd5 14. Bh6 Ncb4
15. Bxg7+ Kxg7 16. Be4 Nf6 17. Bxb7 Nxa2+ 18. Kb1 Rb8 19. Kxa2 Rxb7 20. d5 Qd6
21. Nf4 Rxb2+  0-1

[Event "2. Bundesliga West 2018/19"]
[Site "Kufstein; NMS II, Sporthalle Fischergries"]
[Date "2019.02.08"]
[Round "6"]
[Board "5"]
[White "Egger, Martin"]
[Black "Pali, Philipp"]
[Result "0-1"]
[WhiteElo "2043"]
[BlackElo "2071"]
[PlyCount "62"]
[EventDate "2018.10.12"]
[EventType "team"]
[EventRounds "11"]
[EventCountry "AUT"]
[WhiteTeam "Sparkasse Neumarkt"]
[BlackTeam "SPG Oberland"]

1. e4 e6 2. d4 d5 3. Nc3 Bb4 4. exd5 exd5 5. Bd3 Ne7 6. Qh5 Nbc6 7. a3 Ba5 8.
Be3 Be6 9. b4 Bb6 10. Nf3 Qd6 11. b5 Na5 12. Ng5 Nc4 13. Bxc4 dxc4 14. Nxe6
Qxe6 15. O-O O-O-O 16. Rfd1 Nd5 17. Nxd5 Rxd5 18. Qf3 Rhd8 19. a4 Bxd4 20. Bxd4
Rxd4 21. Re1 Qd5 22. Qe3 f5 23. g3 h6 24. c3 Rd3 25. Qxa7 Kd7 26. Re3 b6 27.
Rxd3 cxd3 28. Rd1 Qf3 29. Re1 Ra8 30. Re7+ Kxe7 31. Qxc7+ Kf8  0-1

[Event "2. Bundesliga West 2018/19"]
[Site "Kufstein; NMS II, Sporthalle Fischergries"]
[Date "2019.02.08"]
[Round "6"]
[Board "6"]
[White "Walcher, Christian"]
[Black "Kampl, Walter"]
[Result "1/2-1/2"]
[WhiteElo "1897"]
[BlackElo "1875"]
[PlyCount "65"]
[EventDate "2018.10.12"]
[EventType "team"]
[EventRounds "11"]
[EventCountry "AUT"]
[WhiteTeam "SPG Oberland"]
[BlackTeam "Sparkasse Neumarkt"]

1. e4 d5 2. exd5 Qxd5 3. Nc3 Qd6 4. Bc4 Nf6 5. Qf3 a6 6. Nge2 Qc6 7. Qxc6+ Nxc6
8. O-O Bf5 9. d3 e6 10. Ng3 Bg6 11. a3 Nd4 12. Bf4 Bd6 13. Bxd6 cxd6 14. Rac1
O-O 15. Nce2 Nxe2+ 16. Nxe2 Rac8 17. Nf4 Bf5 18. h3 g5 19. Ne2 e5 20. Ng3 Bg6
21. Rfd1 Rc7 22. Bb3 Rfc8 23. f3 h6 24. Ne4 Ne8 25. c3 Kg7 26. d4 f5 27. Nf2 e4
28. fxe4 fxe4 29. Re1 Nf6 30. d5 Rc5 31. Rcd1 Rb5 32. Bc2 Rxb2 33. Bxe4  1/2-1/2